000 00418nam a2200133Ia 4500
008 100328s9999 xx 000 0 und d
082 _b69270
100 _aखांडेकर राजीव.
245 _aहार्ट टू हार्ट.
260 _bनवचैतन्य.
630 _aहार्ट टू हार्ट.
730 _aहार्ट टू हार्ट.
942 _cBOOK
999 _c555002
_d554999